00274nam a2200097Ia 4500008004100000020001800041100001700059245004800076260003800124300001400162171205s9999 xx 000 0 und d a9781635496406 aDarcy, Jane. cJane DarcyaEmployee Training and Induction bLarsen and Keller Educationc2017 a240 pages